00727 2200169 4500245006900000020002200069100002900091700002000120650003000140005001900170260003700189041001400226084001200240300002200252500027400274336000900548 aUlysses Moore b : Rumah CermincBaccalario, PierdomenicohText a978-979-033-800-5 aBaccalario, Pierdomenico aBarokah Ruziati aCerita petualangan Italia a20231012112945 aJakartabErlangga for Kidsc2005 aIndonesia a873.087 a232 hlm. :cillus aSemiua orang di KILMORE COVE menyembunyikan sesuatu.Itu di sadari oleh Jason,Rick,Julia saat pertama kali mendengar tentang Rumah Cermin dan penciptanya,seorang penemu eksentrik bernama Peter Dedalus.Teman dekat Ulysses Moore ini telah menghilang selama bertahun tahun. atext